banner-ar

المعتقد المنتقد 1270 هـ مع شرحه المسمى بالاسم التاريخى المستند المعتمد بناء نجاة الابد / (Record no. 7502)

MARC details
000 -الفاتح
حقل البيانات ثابتة الطول 00954nam a2200217Ia 4500
008 - عناصر البيانات ثابتة الطول - معلومات عامة
حقل البيانات ثابتة الطول 140319s9999 xx 000 0 ara d
040 ## - مصدر الفهرسة
وكالة الفهرسة الأصلية GCL /
وكالة النسخ GCL
082 04 - رقم تصنيف ديوى العشرى
رقم التصنيف 189.18
رقم المادة ف م
100 1# - المدخل الرئيسى - إسم شخصى
الإسم الشخصى فضل الرسول القادرى البركاتىالبدايوانى
245 10 - بيان العنوان
العنوان المعتقد المنتقد 1270 هـ مع شرحه المسمى بالاسم التاريخى المستند المعتمد بناء نجاة الابد /
بيان المسئوليه,etc فضل الرسول القادرى البركاتىالبدايوانى
700 1# - المدخل الاضافى - اسم شخصى
الإسم الشخصى احمد رضا القادرى البريلوى
300 ## - الوصف المادى
التعداد 271 ص ؛
أبعاد الوعاء 24 سم
490 ## - بيان السلسلة
عنوان السلسلة منشورات رضا اكاديمى
رقم المجلد/ التعيين التسلسلي 255
650 04 - المدخل الاضافى بالموضوع-مصطلح موضوعى
مصطلح موضوعي الفلسفة الاسلامية
650 04 - المدخل الاضافى بالموضوع-مصطلح موضوعى
مصطلح موضوعي الفلسفة
650 04 - المدخل الاضافى بالموضوع-مصطلح موضوعى
مصطلح موضوعي الحركات الفكرية عند المسلمين
650 04 - المدخل الاضافى بالموضوع-مصطلح موضوعى
مصطلح موضوعي الفلاسفة المسلمون
942 ## - عناصر المدخل الإضافي( كوها)
مصدر التصنيف او مخطط الترفيف Dewey Decimal Classification
Koha [default] item type كتاب
260 ## - PUBLICATION, DISTRIBUTION, ETC. (IMPRINT)
-- الهند :
-- رضا اكاديميى
Holdings
حالة التراجع حالة الفقد حالة تلف ليس للاعارة المكان المؤقت الموقع الحالى تاريخ الاكتساب اجمالي اﻻعارات رقم الطلب الباركود تاريخ اخر مشاهدة تاريخ تفعيل السعر نوع وعاء كوها
        مكتبة القاهرة الكبرى مكتبة القاهرة الكبرى 03/26/2014   189.18\ ف م 15458 03/26/2014 03/26/2014 كتاب
        مكتبة القاهرة الكبرى مكتبة القاهرة الكبرى 03/26/2014   189.18\ ف م 15459 03/26/2014 03/26/2014 كتاب
        مكتبة القاهرة الكبرى مكتبة القاهرة الكبرى 03/26/2014   189.18\ ف م 15460 03/26/2014 03/26/2014 كتاب

Powered By

EGPV